000 00941nam a2200277 i 4500
001 142529
003 ES-MaACL
005 20250804082047.0
007 t|
008 071005s1973 sp ||||1| spa d
020 _a84-206-2050-5
080 _a164
080 _a81:1
100 1 _aWittgenstein, Ludwig.
_9117183
245 1 0 _aTractatus logico-philosophicus /
_cLudwig Wittgenstein ; introducción de Bertrand Russell ; versión española de Enrique Tierno Galván.
260 _aMadrid :
_bAlianza Editorial,
_c[1973]
300 _a223 p. ;
_c20 cm.
490 1 _aAlianza universidad ;
_v50
650 7 _aLógica matemática
_2embne
_914697
650 4 _aLenguaje-
_xFilosofía.
_914344
700 1 _aRussell, Bertrand,
_d1872-1970
_9101033
700 1 _aTierno Galván, Enrique,
_d1918-1986
_9110235
830 1 _aAlianza universidad ;
_v50
_9177276
852 4 _aES-MaACL
_jC-53453
999 _c142529
_d142529